000 00296 a2200145 4500
001 179663
020 _a
040 _cMagnum
100 _aPrado, Lucilia de Almeida
240 1 0 _aDe sol a sol
_lpor
245 1 0 _aDe sol a sol
362 0 _a1899
697 _aMAGNITO: IJ/GERAL
942 _cBK
999 _c179663
_d179663